| 000 -LEADER |
| fixed length control field |
00459nas a22001813 4500 |
| 001 - CONTROL NUMBER |
| control field |
10850277 |
| 008 - FIXED-LENGTH DATA ELEMENTS--GENERAL INFORMATION |
| fixed length control field |
900303u xx u 0 0 0und |
| 010 ## - LIBRARY OF CONGRESS CONTROL NUMBER |
| LC control number |
sv 90008366 |
| 041 ## - LANGUAGE CODE |
| Language code of text/sound track or separate title |
eng |
| 080 ## - UNIVERSAL DECIMAL CLASSIFICATION NUMBER |
| Universal Decimal Classification number |
62 |
| 100 ## - Rafti |
| Rafti |
27 |
| 101 ## - Shkurtesa |
| Shkurtesa |
IM |
| 245 00 - TITLE STATEMENT |
| Title |
Aluminum Company of America. Alcoa structural handbook. |
| Statement of responsibility, etc |
ALUMINUM |
| 310 ## - CURRENT PUBLICATION FREQUENCY |
| Current publication frequency |
Unknown |
| 590 ## - LOCAL NOTE (RLIN) |
| Local note |
Holdings in 3x5 file. |
| 906 ## - LOCAL DATA ELEMENT F, LDF (RLIN) |
| a |
0 |
| b |
bbc |
| c |
serlocs |
| d |
u |
| e |
ncip |
| f |
19 |
| g |
ilsserca |
| 942 ## - ADDED ENTRY ELEMENTS (KOHA) |
| Source of classification or shelving scheme |
|
| Item type |
Books |